| 000 | 00494nam a2200181Ia 4500 | ||
|---|---|---|---|
| 001 | 23106 | ||
| 005 | 20260414150915.0 | ||
| 008 | 260414t2015||||xx |||||||||||||| ||spa|| | ||
| 041 | _aESP | ||
| 082 |
_a624.1834 _bP45 |
||
| 100 |
_aPérez Alamá, Vicente _eAUT |
||
| 245 | 0 |
_aDiseño y cálculo de estructuras de concreto reforzado : _bpor resistencia máxima y servicio |
|
| 260 | _c2015 | ||
| 300 |
_a310 páginas : _c27 cm. |
||
| 650 | _a0 | ||
| 654 | _aCIC | ||
| 942 |
_cLIB _dJUS _fJUS _2ddc _n |
||
| 999 |
_c23106 _d23106 |
||